| 000 | 01086cam a2200253 a 4500 | ||
|---|---|---|---|
| 001 | 4453248 | ||
| 005 | 20180112045850.0 | ||
| 008 | 950906s1996 nyu 000 1 eng | ||
| 010 | _a 95039823 | ||
| 020 | _a0679448594 | ||
| 040 |
_aDLC _cDLC _dDLC |
||
| 041 | _aeng | ||
| 043 | _an-us--- | ||
| 051 |
_aPS3550.A1 _bP75 1996c _cAnother impression. 2nd impression [1996], as indicated by code on copyright page. LC copy in dust jacket. |
||
| 051 |
_aPS3550.A1 _bP75 1996 Copy 3 _cSigned by author. Front free endpaper inscribed in ink: "To the Law Library of Congress with the compliments of the author, who if suitably encouraged will base his next novel on the Supreme Court. Anonymous, 2/6/96." LC copy in dust jacket. |
||
| 080 | _a813.54 JAM | ||
| 082 | 0 | 0 |
_a813.54 JAM _220 |
| 100 | _a20 | ||
| 101 | _aPOL | ||
| 245 | 1 | 0 |
_aPrimary colors : _cAnonymous. |
| 906 |
_a7 _bcbc _corignew _d1 _eocip _f19 _gy-gencatlg |
||
| 942 |
_2ddc _cBK |
||
| 999 |
_c40191 _d40191 |
||